Szekéren [és mások]

Podrobná bibliografia
Hlavný autor: Tóth, Elemér, 1940-2018 (Autor)
Médium: Článok
Jazyk:maďarčina
slovenčina
Fyzický popis:Obr. 3
Predmet:

MARC

LEADER 00000nab a2200000 a 4500
001 vtls000601564
003 SK-MaSNL
005 20260303020119.0
008 160314c1997 xo 0 hun
015 |a SNBRB19rr/mm-uuuuu 
035 |a CL0601703 
040 |a SNKBUCL  |b slo  |c SNKBUCL  |e AACR2 
041 0 |a slo 
044 |a xo  |c SK 
080 |a 894.511 (437.6)-1(087.5)=945.11  |2 1981 
100 1 |a Tóth, Elemér,  |d 1940-2018  |4 aut  |9 181606 
245 1 0 |a Szekéren [és mások]  |c Elemér Tóth 
300 |b Obr. 3 
500 |a Ďalšie básne: Ősz és csősz. Őszi kert. Madarak 
650 0 7 |a naratívne básne  |2 snkbucl  |9 56217 
773 0 |t Tücsök  |g Roč. 7, č. 2 (1996/1997), s. 16-17 
850 |a Slovenská národná knižnica v Martine  |a DSG001 
852 |a SNK  |b KIS3GCP 
958 |a HU 
958 |a LX 
958 |a SK 
958 |a RK 
958 |a RBX 
999 |c 1616599  |d 1618529